The Guiness encyclopedia of signs and symbols (Record no. 61208)
[ view plain ]
| 000 -LEADER | |
|---|---|
| fixed length control field | 00711nam a22001817a 4500 |
| 003 - CONTROL NUMBER IDENTIFIER | |
| control field | NUST-PNEC |
| 005 - DATE AND TIME OF LATEST TRANSACTION | |
| control field | 20170116180717.0 |
| 008 - FIXED-LENGTH DATA ELEMENTS--GENERAL INFORMATION | |
| fixed length control field | 141021b xxu||||| |||| 00| 0 eng d |
| 020 ## - INTERNATIONAL STANDARD BOOK NUMBER | |
| International Standard Book Number | 0851129455 |
| 040 ## - CATALOGING SOURCE | |
| Transcribing agency | PNEC |
| 082 ## - DEWEY DECIMAL CLASSIFICATION NUMBER | |
| Classification number | 246.5 FOL |
| 100 ## - MAIN ENTRY--PERSONAL NAME | |
| 9 (RLIN) | 731 |
| Personal name | Foley John |
| 245 ## - TITLE STATEMENT | |
| Title | The Guiness encyclopedia of signs and symbols |
| Statement of responsibility, etc. | John Foley |
| 260 ## - PUBLICATION, DISTRIBUTION, ETC. | |
| Place of publication, distribution, etc. | Enfield Guiness |
| Date of publication, distribution, etc. | c.1993. |
| 300 ## - PHYSICAL DESCRIPTION | |
| Extent | 256 p. S |
| Other physical details | graph. Darst |
| Dimensions | 23 cm. |
| 500 ## - GENERAL NOTE | |
| General note | https://www.worldcat.org/title/guiness-encyclopedia-of-signs-and-symbols/oclc/830960035&referer=brief_results http://www.amazon.com/Guinness-Book-Signs-Symbols/dp/0851129455/ref=sr_1_1?s=books&ie=UTF8&qid=1413882658&sr=1-1&keywords=0851129455 |
| 942 ## - ADDED ENTRY ELEMENTS (KOHA) | |
| Source of classification or shelving scheme | |
| Koha item type | Book |
| Withdrawn status | Lost status | Source of classification or shelving scheme | Damaged status | Not for loan | Permanent Location | Current Location | Shelving location | Date acquired | Source of acquisition | Cost, normal purchase price | Total Checkouts | Full call number | Barcode | Date last seen | Cost, replacement price | Price effective from | Koha item type |
|---|---|---|---|---|---|---|---|---|---|---|---|---|---|---|---|---|---|
| Pakistan Navy Engineering College (PNEC) | Pakistan Navy Engineering College (PNEC) | Reference | 04/07/1998 | Paramount Publishing Enterprise | 1272.00 | 246.5 FOL | PNECLIB-019975 | 10/21/2014 | 1272.00 | 04/07/1998 | Book |
